000 00495nam a22001697a 4500
999 _c526730
_d526730
003 NUST
038 _awaseem
082 _a954.4
_bSIN
100 _aSingh, Thakar Kahan
_917720
245 _aTwareekh Rajpootan Mulak punjab /
_cThakar Kahan Singh
260 _aJammu :
_bSripartab Press,
_c1998.
300 _a520 p. ;
500 _aHardcover.
880 _6100-01\r
_aٹھاکر کاہن سنگھ
880 _6245-02\r
_aتورایخ راجپوتاں مُلک پنجاب /
942 _2ddc
_cBK